000 00690nam a2200241Ia 4500
003 OSt
005 20220925182454.0
006 a|||||r|||| 00| 0
007 ta
008 220923b |||||||| |||| 00| 0 eng d
037 _cGeneral Book
040 _aRTL
_cRTL
_beng
041 _2eng
_aeng
082 _aU47, M3;M9
100 _aRubenstein James M
_9256466
245 0 _aCultural and sacpe
_b An introduction to human geography
250 _a2nd
260 _aColumbus
_bMerrill Publishing Company
_c1989
300 _axvii,506p
_ccm.
650 _aHuman Geography
_91464
942 _hU47, M3;M9
_cGB
_2CC
999 _c502327
_d502327